MyGZULibrary

Child domestic workers in Zimbabwe / (Record no. 1921)

MARC details
000 -LEADER
fixed length control field 01004cam a22003014a 4500
001 - CONTROL NUMBER
control field 14533267
003 - CONTROL NUMBER IDENTIFIER
control field GZU
005 - DATE AND TIME OF LATEST TRANSACTION
control field 20201023123405.0
008 - FIXED-LENGTH DATA ELEMENTS--GENERAL INFORMATION
fixed length control field 060905s2006 rh b 000 0 eng
010 ## - LIBRARY OF CONGRESS CONTROL NUMBER
LC control number 2006318949
020 ## - INTERNATIONAL STANDARD BOOK NUMBER
International Standard Book Number 1779220448
040 ## - CATALOGING SOURCE
Original cataloging agency DLC
Transcribing agency DLC
Modifying agency DLC
042 ## - AUTHENTICATION CODE
Authentication code lcode
043 ## - GEOGRAPHIC AREA CODE
Geographic area code f-rh---
050 00 - LIBRARY OF CONGRESS CALL NUMBER
Classification number HD6250.Z552
Item number B68 2006
100 1# - MAIN ENTRY--PERSONAL NAME
Personal name Bourdillon, M. F. C.
245 10 - TITLE STATEMENT
Title Child domestic workers in Zimbabwe /
Statement of responsibility, etc. by Michael Bourdillon with Tinashe Pfigu ... [et al.].
260 ## - PUBLICATION, DISTRIBUTION, ETC.
Place of publication, distribution, etc. Avondale, Harare :
Name of publisher, distributor, etc. Weaver Press,
Date of publication, distribution, etc. 2006.
300 ## - PHYSICAL DESCRIPTION
Extent x, 116 p. ;
Dimensions 21 cm.
504 ## - BIBLIOGRAPHY, ETC. NOTE
Bibliography, etc. note Includes bibliographical references.
650 #0 - SUBJECT ADDED ENTRY--TOPICAL TERM
Topical term or geographic name entry element Child labor
Geographic subdivision Zimbabwe.
650 #0 - SUBJECT ADDED ENTRY--TOPICAL TERM
Topical term or geographic name entry element Household employees
Geographic subdivision Zimbabwe.
700 1# - ADDED ENTRY--PERSONAL NAME
Personal name Pfigu, Tinashe.
856 41 - ELECTRONIC LOCATION AND ACCESS
Materials specified Table of contents only
Uniform Resource Identifier <a href="http://www.loc.gov/catdir/toc/fy0703/2006318949.html">http://www.loc.gov/catdir/toc/fy0703/2006318949.html</a>
906 ## - LOCAL DATA ELEMENT F, LDF (RLIN)
a 7
b cbc
c origode
d 3
e ncip
f 20
g y-gencatlg
942 ## - ADDED ENTRY ELEMENTS (KOHA)
Source of classification or shelving scheme Library of Congress Classification
Koha item type Books
Classification part 6250
Item part BOU
Call number prefix HD
Call number suffix 2006
Holdings
Withdrawn status Lost status Damaged status Not for loan Collection code Home library Current library Shelving location Date acquired Total Checkouts Full call number Barcode Date last seen Copy number Price effective from Koha item type
        Non-fiction City Campus Library City Campus Library General Stacks 10/23/2020   HV801 BOU 2006 004405 10/23/2020 c.1 10/23/2020 Books